[Event "7th Rohde Open"]
[Site "Sautron FRA"]
[Date "2007.10.30"]
[Round "5"]
[White "Friedel,J"]
[Black "Abbasov,F"]
[Result "0-1"]
[WhiteElo "2477"]
[BlackElo "2505"]

1.e4 g6 2.d4 Bg7 3.Nc3 c6 4.Nf3 d6 5.h3 Nd7 6.Be3 Qc7 7.a4 Ngf6 8.Be2 O-O
9.O-O Re8 10.a5 e5 11.dxe5 dxe5 12.Qd2 Bf8 13.Bc4 Nc5 14.Ng5 Be6 15.Qe2 h6
16.Bxc5 Bxc5 17.Nxe6 fxe6 18.g3 Kg7 19.Kg2 Rad8 20.Bd3 Bd4 21.Na4 a6 22.c3 Ba7
23.b4 Nh5 24.Nb2 Qe7 25.Rad1 Rf8 26.Bc4 Rxd1 27.Qxd1 Rd8 28.Nd3 c5 29.bxc5 Bxc5
30.Qb3 Ba7 31.Nxe5 Qc7 32.Be2 Nf6 33.Nd3 e5 34.Rb1 Rd7 35.Qb4 g5 36.Rb2 h5
37.f3 h4 38.g4 Nh7 39.Qb3 Nf8 40.Ra2 Ng6 41.Kh2 Qd8 42.Qb1 Qf8 43.Kh1 Kh6
44.Qf1 Qd8 45.Qb1 Qc8 46.Qb4 Qc6 47.Qa4 Qe6 48.Rb2 Qf7 49.Qb3 Qf6 50.Qc4 Qd8
51.Ra2 Rc7 52.Qe6 Qh8 53.Rb2 Re7 54.Qd6 Qc8 55.Rb3 Qe8 56.Nc5 Qf7 57.c4 Qf4
58.Ne6 Rxe6  0-1

[Event "TCh-BEL 2007-8"]
[Site "Belgium BEL"]
[Date "2007.11.04"]
[Round "3"]
[White "Siebrecht,S"]
[Black "Leenhouts,K"]
[Result "0-1"]
[WhiteElo "2481"]
[BlackElo "2393"]

1.e4 g6 2.d4 Bg7 3.Nc3 c6 4.Nf3 d5 5.h3 Nh6 6.Bf4 O-O 7.Qd2 dxe4 8.Nxe4 Nf5
9.c3 b6 10.Bd3 Ba6 11.O-O-O Qd5 12.Kb1 Rd8 13.Bc2 Qa5 14.Bb3 c5 15.g4 cxd4
16.gxf5 Qxf5 17.Rhe1 Nc6 18.Nh4 Qxh3 19.Ng5 Qxh4 20.Nxf7 Kf8 21.Nxd8 Rxd8
22.Bg5 Qg4 23.Be6 Qf3 24.c4 Bc8 25.Bd5 Rxd5 26.cxd5 Qxd5 27.Bh6 a5 28.Rh1 Bf5+
29.Ka1 Nb4 30.b3 Nc2+ 31.Kb2 Qc5 32.Bxg7+ Kxg7 33.Qh6+ Kf7 34.Qxh7+ Ke8  0-1

[Event "TCh-BEL 2007-8"]
[Site "Belgium BEL"]
[Date "2007.11.04"]
[Round "3"]
[White "Diepeveen,V"]
[Black "Cekro,E"]
[Result "0-1"]
[WhiteElo "2290"]
[BlackElo "2433"]

1.e4 g6 2.d4 Bg7 3.Nc3 c6 4.Bc4 d6 5.f4 Nd7 6.Nf3 Nb6 7.Be2 d5 8.e5 Bg4 9.h3 Bxf3
10.Bxf3 e6 11.O-O h5 12.b3 h4 13.a4 a5 14.Ne2 Ne7 15.c4 Nf5 16.Qd3 Bf8 17.Ba3 Bxa3
18.Rxa3 Qe7 19.c5 Nd7 20.Ra2 b6 21.cxb6 Qb4 22.Rc2 Qxb6 23.Rfc1 Ne7 24.Qe3 Rb8
25.Rc3 Kf8 26.Qf2 Kg7 27.R1c2 Qa7 28.f5 gxf5 29.Nf4 Rb4 30.Rd2 c5 31.Nh5+ Kf8
32.Qxh4 Nxe5 33.Kh1 Nxf3 34.gxf3 Qb8 35.Rxc5 Rxb3 36.Rdc2 Rb1+ 37.Rc1 Ng6
38.Qe1 Rxh5 39.Rc8+ Kg7 40.Rxb8 Rxb8 41.Qg3 f4 42.Qg2 Rb4 43.Kh2 Rxa4 44.Rc8 Rb4
45.Ra8 a4 46.Qf2 Rg5 47.Ra7 Rg3 48.Qc2 Rc4 49.Qb1 Rc8 50.Qb7 Rf8 51.Qd7 Nh4
52.Kh1 Nxf3  0-1

[Event "VIII Int Rapid"]
[Site "El Sauzal ESP"]
[Date "2007.11.04"]
[Round "7"]
[White "Camino Carrio,N"]
[Black "Movsziszian,K"]
[Result "0-1"]
[WhiteElo "2177"]
[BlackElo "2531"]

1.e4 g6 2.d4 Bg7 3.Nc3 c6 4.Nf3 d6 5.h3 b5 6.Be3 Nd7 7.Bd3 Qc7 8.Qd2 Ngf6
9.O-O O-O 10.Ne2 a6 11.Bh6 e5 12.c3 Re8 13.Bxg7 Kxg7 14.Ng3 Nf8 15.Rad1 Ra7
16.Nh4 Ne6 17.Nhf5+ gxf5 18.Nxf5+ Kh8 19.Qh6 Ng8 20.Qh5 Nf4 21.Qf3 Bxf5 22.exf5 Nf6
23.Bc2 Rg8 24.g3 Nxh3+ 25.Kg2 Ng5 26.Qe2 c5  0-1

[Event "TCh-BEL 2007-8"]
[Site "Belgium BEL"]
[Date "2007.11.18"]
[Round "4"]
[White "Donovan,L"]
[Black "Vandenbussche,T"]
[Result "1/2-1/2"]
[WhiteElo "2124"]
[BlackElo "2205"]

1.e4 g6 2.d4 Bg7 3.Nc3 c6 4.Be3 d5 5.f3 Qb6 6.Na4 Qa5+ 7.c3 dxe4 8.fxe4 Nf6
9.Bd3 e5 10.Nf3 Ng4 11.Bd2 exd4 12.cxd4 Qd8 13.Bg5 Qa5+ 14.Bd2 Qd8 15.Bg5 Qa5+  1/2-1/2

[Event "WYb16"]
[Site "Kemer TUR"]
[Date "2007.11.21"]
[Round "4"]
[White "Kilpatrick,C"]
[Black "Lomsadze,D"]
[Result "0-1"]
[WhiteElo "2189"]
[BlackElo "2408"]

1.e4 c6 2.d4 g6 3.Nc3 Bg7 4.Nf3 d6 5.h3 Nf6 6.Bg5 h6 7.Be3 O-O 8.Qd2 Kh7
9.Bd3 b5 10.a3 a6 11.O-O Nbd7 12.e5 Nd5 13.Nxd5 cxd5 14.exd6 exd6 15.a4 bxa4
16.Bf4 Nf6 17.Qb4 Ne4 18.Nd2 Nxd2 19.Bxd2 Bd7 20.Qxd6 Bxd4 21.c3 Bg7 22.Bxa6 Rb8
23.Qxd5 Rxb2 24.Be3 Qc7 25.Rfd1 Be6 26.Qc5 Qxc5 27.Bxc5 Ra8 28.Rxa4 Bb3 29.Rda1 Bxa4
30.Rxa4 Bxc3 31.Be3 Be5 32.g3 f5 33.Ra5 Bf6 34.Kg2 Rb1 35.h4 Ra1 36.Rxa1 Bxa1
37.Bb7 Rd8 38.Bc6 Bd4 39.Bxd4 Rxd4 40.Kf3 Kg7 41.Ke3 Rb4 42.Bd5 Kf6 43.Ba2 f4+
44.gxf4 Rxf4  0-1

[Event "WYb18"]
[Site "Kemer TUR"]
[Date "2007.11.22"]
[Round "6"]
[White "Pruijssers,R"]
[Black "Warakomski,T"]
[Result "1/2-1/2"]
[WhiteElo "2408"]
[BlackElo "2498"]

1.e4 g6 2.d4 Bg7 3.Nc3 c6 4.f4 d5 5.e5 Qb6 6.Nf3 Nh6 7.Be2 f6 8.O-O O-O 9.Na4 Qc7
10.h3 Nf5 11.Qe1 b6 12.b3 c5 13.c3 cxd4 14.cxd4 Nc6 15.Qf2 Nd8 16.Bd2 Qd7
17.Bd3 fxe5 18.dxe5 Nh6 19.g4 e6 20.Qh4 Nhf7 21.Rae1 Nc6 22.Qg3 Kh8 23.Rf2 Bb7
24.h4 d4 25.h5 Ne7 26.hxg6 hxg6 27.Rh2+ Kg8 28.Rf1 Rac8 29.Nb2 Rc3 30.Nh4 Nh8
31.Bxc3 dxc3 32.Nc4 Qd4+ 33.Qe3 Qxe3+ 34.Nxe3 g5 35.Nhf5 exf5 36.gxf5 gxf4
37.Bc4+ Nf7 38.f6 Ng6 39.Nf5 Be4 40.Nxg7 Nxe5 41.Ne6 Rc8 42.Re2 Nxc4 43.bxc4 Rxc4
44.Rxf4 Bd5 45.Rxc4 Bxc4 46.Rg2+ Kh7 47.Nd4 b5 48.a3 a5 49.Nxb5 c2 50.Rxc2 Bxb5
51.Rc5 Bd3 52.Rxa5 Kg6  1/2-1/2

[Event "WYg18"]
[Site "Kemer TUR"]
[Date "2007.11.25"]
[Round "8"]
[White "Fuchs,Ju"]
[Black "Rakic,Ma"]
[Result "0-1"]
[WhiteElo "2140"]
[BlackElo "2232"]

1.e4 g6 2.d4 Bg7 3.Nc3 c6 4.Be3 Qb6 5.Rb1 d6 6.h3 Nd7 7.Nf3 Qc7 8.Bd3 b5
9.O-O a6 10.Ne2 Ngf6 11.Qd2 O-O 12.c3 e5 13.dxe5 dxe5 14.Ra1 c5 15.Ng3 c4
16.Bc2 Nc5 17.Qe2 Bb7 18.Nd2 h5 19.f4 Ne6 20.f5 Nf4 21.Qf3 Bh6 22.Ne2 g5
23.Nxf4 gxf4 24.Bf2 Kh7 25.Bh4 Qb6+ 26.Kh2 Rg8 27.Qe2 Bg5 28.Bf2 Qc6 29.Nf3 Ng4+
30.hxg4 hxg4 31.Nxg5+ Rxg5 32.Bh4 g3+ 33.Kg1 Qh6 34.Rfd1 Rh5 35.Qf3 Rxh4
36.Kf1 Bc6 37.Ke2 f6  0-1

[Event "20th Belgrade Trophy"]
[Site "Belgrade SRB"]
[Date "2007.11.29"]
[Round "8"]
[White "Stancic,L"]
[Black "Bralic,D"]
[Result "1-0"]
[WhiteElo "1967"]
[BlackElo "2313"]

1.e4 g6 2.d4 Bg7 3.Nc3 c6 4.f4 d5 5.e5 h5 6.Nf3 Bg4 7.Bd3 Nh6 8.h3 Bxf3 9.Qxf3 Qb6
10.Qe3 e6 11.Bd2 Nd7 12.Na4 Qd8 13.Bb4 b5 14.Nc5 Nxc5 15.Bxc5 Bf8 16.Bxf8 Kxf8
17.O-O-O a5 18.g4 h4 19.f5 gxf5 20.gxf5 Nxf5 21.Bxf5 exf5 22.Qf4 Qe7 23.Qxf5 Qe6
24.Rdf1 Re8 25.Rhg1 Qxf5 26.Rxf5 Re6 27.Rgf1 Rh7 28.b3 b4 29.Kb2 Rg6 30.Rf6 Rg3
31.Rxc6 Rxh3 32.e6 Ke7 33.exf7 Rh8 34.Rc7+ Ke6 35.Ra7  1-0

[Event "FSIM December"]
[Site "Budapest HUN"]
[Date "2007.12.02"]
[Round "2"]
[White "Rapport,R"]
[Black "Horvath,And"]
[Result "1/2-1/2"]
[WhiteElo "2197"]
[BlackElo "2312"]

1.e4 g6 2.d4 Bg7 3.Nc3 c6 4.Bc4 d6 5.Qf3 e6 6.Nge2 Nd7 7.Bf4 b5 8.Bb3 Nb6
9.Qg3 b4 10.Na4 Nf6 11.Qf3 Ba6 12.Nxb6 axb6 13.Bxd6 Qxd6 14.e5 Qd8 15.exf6 Bxf6
16.Qxc6+ Kf8 17.Rd1 Kg7 18.Qe4 Ra7 19.O-O Rd7 20.c3 bxc3 21.bxc3 Qc7 22.Rc1 h5
23.Rfe1 Bb7 24.Qe3 Rc8 25.Nf4 Kh7 26.Nd3 Qc6 27.f3 Qd6 28.Ne5 Rdc7 29.Qf4 Bg7
30.Rcd1 Rd8 31.Bc2 Kg8 32.Kh1 Bd5 33.Bb1 Qe7 34.Qe3 b5 35.Rc1 Rdc8 36.Qd2 Qa3
37.Bd3 Rxc3 38.Rxc3 Qxc3 39.Qxc3 Rxc3 40.Bxb5 Bxa2 41.h3 Rc7  1/2-1/2

[Event "Parsvnath ch-Commonwealth"]
[Site "New Delhi IND"]
[Date "2007.12.03"]
[Round "1"]
[White "Shetty,R"]
[Black "Niji,A1"]
[Result "1/2-1/2"]
[WhiteElo "2320"]
[BlackElo "1925"]

1.e4 g6 2.d4 Bg7 3.Nc3 c6 4.Nf3 d6 5.h3 Nf6 6.Be3 b5 7.e5 Nfd7 8.exd6 exd6
9.Bg5 Nf6 10.Bd3 O-O 11.O-O Qc7 12.Re1 Be6 13.Qd2 Nbd7 14.a4 b4 15.Ne2 a5
16.Nf4 Bd5 17.Nxd5 Nxd5 18.c4 bxc3 19.bxc3 N7f6 20.Rad1 Rfe8 21.Bb1 Rxe1+
22.Rxe1 Re8 23.c4 Nb4 24.Bf4 Qd7 25.Kh2 Bf8 26.Rxe8 Qxe8 27.Qe3 Qxe3 28.Bxe3 Nd7
29.Nd2 Nb6 30.Bg5 Nxa4 31.Bd8 Bh6 32.Nb3 Nb2 33.Nxa5 Nd1 34.Be7 Nc3 35.Bxd6 Bf8
36.Bxb4 Bxb4 37.Nxc6 Bd6+ 38.g3 Nxb1 39.c5 Bf8 40.Kg2 Nc3 41.Kf3 f5 42.Ne5 Nd5
43.g4 Bg7 44.Kg3 Bxe5+ 45.dxe5 Kf7 46.f4 Ke6 47.c6 h5 48.Kh4 Nxf4 49.c7  1/2-1/2

[Event "Parsvnath ch-Commonwealth"]
[Site "New Delhi IND"]
[Date "2007.12.06"]
[Round "6"]
[White "Wells,D"]
[Black "Gopal,K"]
[Result "0-1"]
[WhiteElo "2024"]
[BlackElo "2225"]

1.e4 g6 2.d4 Bg7 3.Nc3 c6 4.Be3 d5 5.e5 f6 6.f4 Nh6 7.Qd2 Ng4 8.Be2 Nxe3
9.Qxe3 fxe5 10.fxe5 Bf5 11.O-O-O h5 12.Kb1 e6 13.Bd3 Qe7 14.Bxf5 gxf5 15.Nh3 Nd7
16.Nf4 Qf7 17.Nce2 O-O-O 18.h4 Nb6 19.b3 Bh6 20.Qf3 Bxf4 21.Nxf4 Rdg8 22.Rh3 Rg4
23.Qf2 Kb8 24.Rdd3 Nc8 25.Kb2 Ne7 26.Qd2 Ng6 27.Nxg6 Qxg6 28.g3 Rg8 29.Qb4 Qf7
30.Qd6+ Ka8 31.Rh2 Re8 32.Rf2 Qe7 33.c4 Rg7 34.Rc2 Rd8 35.Qxe7 Rxe7 36.Ka3 Kb8
37.Kb4 Rg7 38.a4 Rg4 39.c5 Rdg8 40.Rcc3 Re4 41.Rc2 Reg4 42.Rcc3 Kc7 43.Ka5 Re4
44.b4 Rgg4 45.b5 Rxd4 46.Rxd4 Rxd4 47.b6+ Kb8 48.Rf3 Rc4 49.bxa7+ Kxa7 50.g4 Rxc5+
51.Kb4 Rc4+ 52.Ka5 Rxg4  0-1

[Event "TCh-HUN 2007-8"]
[Site "Budapest HUN"]
[Date "2007.12.09"]
[Round "4"]
[White "Karacsony,A"]
[Black "Butunoi,A"]
[Result "0-1"]
[WhiteElo "2309"]
[BlackElo "2403"]

1.e4 g6 2.d4 Bg7 3.Nc3 c6 4.Be3 Qb6 5.Rb1 d6 6.Bc4 Qc7 7.h3 b5 8.Bd3 Nf6
9.a3 O-O 10.Nf3 Nbd7 11.Qd2 Re8 12.Bh6 e5 13.dxe5 dxe5 14.h4 Nh5 15.Bxg7 Kxg7
16.Be2 Ndf6 17.Rd1 Bg4 18.Qd6 Qb6 19.Qd2 a5 20.Ng5 Rad8 21.Qe3 Qxe3 22.fxe3 b4
23.Bxg4 Nxg4 24.Rxd8 Rxd8 25.Na4 Nxe3 26.axb4 Nxc2+ 27.Kf2 Rd2+ 28.Kf3 Nf4
29.h5 Nd4+  0-1

[Event "TCh-HUN 2007-8"]
[Site "Budapest HUN"]
[Date "2007.12.09"]
[Round "4"]
[White "Meszaros,Gyu"]
[Black "Horvath,And"]
[Result "1-0"]
[WhiteElo "2404"]
[BlackElo "2312"]

1.d4 g6 2.e4 Bg7 3.Nc3 c6 4.f4 d5 5.e5 Nh6 6.Nf3 Bg4 7.Be3 Qb6 8.Rb1 f6 9.Bd3 O-O
10.O-O fxe5 11.fxe5 Nf5 12.Bxf5 Bxf5 13.h3 Na6 14.Qd2 Qd8 15.Rf2 Qd7 16.Rbf1 Nc7
17.Bh6 b6 18.g4 Be6 19.Qg5 Bf7 20.Qh4 Ne6 21.Ne2 Rac8 22.Nf4 Nxf4 23.Ng5  1-0

[Event "KNSB TCh-NED 2007-8"]
[Site "Netherlands NED"]
[Date "2007.12.15"]
[Round "5"]
[White "Van der Weide,K"]
[Black "Bosboom Lanchava,T"]
[Result "1/2-1/2"]
[WhiteElo "2502"]
[BlackElo "2379"]

1.e4 g6 2.d4 Bg7 3.Nc3 c6 4.Nf3 d6 5.h3 Nf6 6.Bd3 O-O 7.O-O Qc7 8.Bg5 h6
9.Be3 e5 10.Qd2 Kh7 11.a4 a5 12.Rad1 Re8 13.dxe5 dxe5 14.Bc4 Bf8 15.Qc1 Be6
16.Nd2 Nbd7 17.Bxe6 Rxe6 18.Nc4 b5 19.axb5 cxb5 20.Nd2 Qc6 21.Qa1 b4 22.Na4 Qxc2
23.Rc1 Qd3 24.Rfd1 Qb5 25.Qa2 Kg8 26.f3 Rc6 27.Rxc6 Qxc6 28.Nc4 Qb5 29.b3 Ra6
30.Kh2 Kh7 31.Qd2 Rc6 32.Ra1 g5 33.Nab2 Ra6 34.Na4 Be7 35.Rd1 Nc5 36.Bxc5 Bxc5
37.Qd8 Bd4 38.Nd6 Qd7 39.Qxd7 Nxd7 40.Nf5 Rc6 41.Nxd4 Rd6 42.Nb2 Rxd4 43.Ra1 Nc5
44.Rxa5 Nxb3 45.Rxe5 Rd2 46.Nc4 Rc2 47.Ne3 Re2 48.Nf5 Nc1 49.Re7 Kg6 50.Rc7 Nd3
51.Rc6+ Kh7 52.Rxh6+ Kg8 53.Rb6 Rb2 54.Rb8+ Kh7 55.Rb7 Nf4 56.Rxf7+ Kg6 57.Rb7 Rxg2+
58.Kh1 Rb2 59.h4 gxh4 60.Nxh4+ Kf6 61.Nf5 b3 62.Rb6+ Kg5 63.Rb5 Kf6 64.Rb6+ Kf7
65.Rb7+ Kg6 66.Rb6+ Kh7 67.Rb7+ Kg6 68.Rb6+ Kf7 69.Rb7+ Ke8 70.Rb8+ Kd7 71.Rb7+ Kc8
72.Nd6+ Kd8 73.e5 Ne6 74.f4 Nd4 75.Kg1 Rc2 76.f5 b2 77.e6 Nf3+ 78.Kf1 Nh2+
79.Kg1 Nf3+ 80.Kf1  1/2-1/2

[Event "7th Amplico AIG Life"]
[Site "Warsaw POL"]
[Date "2007.12.15"]
[Round "8"]
[White "Shkuran,D"]
[Black "Szymanski,P1"]
[Result "1/2-1/2"]
[WhiteElo "2429"]
[BlackElo "2210"]

1.e4 g6 2.d4 Bg7 3.Nc3 c6 4.Nf3 d5 5.e5 Nh6 6.Be2 f6 7.Bf4 Nf7 8.Qd2 Bg4
9.O-O-O Bxf3 10.exf6 exf6 11.Bxf3 O-O 12.h4 Nd7 13.Qd3 f5 14.g4 fxg4 15.Bxg4 Qf6
16.Ne2 Nb6 17.h5 g5 18.h6 Nxh6 19.Be5 Qg6 20.Qxg6 hxg6 21.Be6+ Kh7 22.Rh2 Nc4
23.Bxg7 Kxg7 24.b3 Nd6 25.Rdh1 Rh8 26.Nc3 Rae8 27.Bd7 Re7 28.Bg4 Ree8 29.Bd1 Nhf5
30.Ne2 Rxh2 31.Rxh2 Ne4 32.f3 Nf6 33.Rg2 Nh4 34.Rf2 Nh5 35.Kd2 Rf8 36.Ke3 Nf5+
37.Kd3 Nf4+ 38.Nxf4 gxf4 39.Be2 Rh8 40.c3 Rh1 41.Rf1 Rxf1 42.Bxf1 Kf6 43.Bh3 Kg5
44.Ke2 b6 45.Kf2 Ne3 46.Ke2 Nf5 47.Kf2 a5 48.Ke2 Kh4 49.Bg4 Kg3 50.a3 Kg2
51.Kd3 Ne3 52.Bd7 c5 53.dxc5 bxc5 54.b4 cxb4 55.cxb4 axb4 56.axb4 Kxf3 57.b5 Nc4
58.Bc6 Nb6 59.Kd4 Kg3 60.Bxd5 Nxd5 61.Kxd5 f3 62.b6 f2 63.b7 f1=Q 64.b8=Q+ Qf4
65.Qe8 g5 66.Qe1+ Qf2 67.Qe5+ Kg4 68.Qe4+ Kg3 69.Qe5+ Kg4 70.Qe4+ Qf4 71.Qg2+ Kf5
72.Qc2+ Kf6 73.Qb2+ Kg6 74.Qb6+ Kh5 75.Qe6 g4 76.Qe8+ Kh4 77.Qh8+ Kg3 78.Ke6 Kf3
79.Qh1+ Kf2 80.Qh4+ Kg2 81.Kd7 Qf5+ 82.Ke7 g3 83.Qd4 Kf3 84.Qc3+ Kg4 85.Qc4+ Kh3
86.Qc3 Qe4+ 87.Kf7 Kg4 88.Qg7+ Kf4 89.Qh6+ Kf3 90.Qh5+ Ke3 91.Qc5+ Ke2 92.Qb5+ Qd3
93.Qe5+ Kf2 94.Qc5+ Kf3 95.Qc6+ Qe4 96.Qc3+ Kg4 97.Qg7+ Kf4 98.Qh6+ Kf3 99.Qh5+ Kg2
100.Kg8 Qe6+ 101.Kg7 Qe4 102.Kg8 Qf3 103.Qe5 Qg4+ 104.Kf8 Kh3 105.Qe3 Kh2
106.Qh6+ Qh3 107.Qd6 Qf5+ 108.Kg8 Kh3 109.Qh6+ Kg4 110.Qc6 Qg5+ 111.Kf8 Qd8+
112.Kg7 Qd4+ 113.Kg8 Qd8+ 114.Kg7 Qg5+ 115.Kf8 Kh5 116.Qf3+ Kh6 117.Qc6+ Qg6
118.Qc1+ Kh5 119.Qh1+ Kg4 120.Qd1+ Kf4 121.Qf1+ Kg5 122.Qc1+ Kf6 123.Qc3+ Ke6
124.Qc6+ Kf5 125.Qf3+  1/2-1/2

[Event "7th Amplico AIG Life Gp1"]
[Site "Warsaw POL"]
[Date "2007.12.16"]
[Round "2"]
[White "Tukhaev,A"]
[Black "Mista,A"]
[Result "1-0"]
[WhiteElo "2517"]
[BlackElo "2543"]

1.e4 g6 2.d4 Bg7 3.Nc3 c6 4.Nf3 d6 5.Be3 b5 6.Bd3 Nd7 7.O-O Qc7 8.Qd2 Ngf6
9.h3 O-O 10.Ne2 c5 11.c3 Bb7 12.Ng3 c4 13.Bc2 e5 14.d5 Rfe8 15.Nh4 Nc5 16.Bh6 Bh8
17.f4 exf4 18.Rxf4 Nfd7 19.Raf1 Ne5 20.Bg5 Bc8 21.b4 cxb3 22.axb3 a5 23.Bf6 Bxf6
24.Rxf6 a4 25.b4 Ncd7 26.R6f2 a3 27.Bb1 Nb6 28.Qh6 Qxc3 29.Ne2 Qc7 30.Nd4 Nbc4
31.Kh1 Ra4 32.Nxb5 Qb7 33.Ba2 Re7 34.Bxc4 Nxc4 35.Nxg6 hxg6 36.Rf4 f5 37.Qxg6+ Kf8
38.Rh4 Rf7 39.Nxd6 Nxd6 40.Qxd6+ Re7 41.Rh7 Ra6 42.Qd8+ Re8 43.Rh8+ Kg7 44.Qxe8 a2
45.Qf8+ Kg6 46.exf5+ Kg5 47.h4+ Kg4 48.Qg8+  1-0

[Event "7th Amplico AIG Life"]
[Site "Warsaw POL"]
[Date "2007.12.16"]
[Round "11"]
[White "Maciejewski,A"]
[Black "Szymanski,P1"]
[Result "0-1"]
[WhiteElo "2358"]
[BlackElo "2210"]

1.e4 g6 2.d4 Bg7 3.Nc3 c6 4.f4 d5 5.e5 Nh6 6.Nf3 Bg4 7.h3 Bxf3 8.Qxf3 Nf5
9.Ne2 Qb6 10.c3 e6 11.g4 Ne7 12.Ng3 Nd7 13.f5 exf5 14.gxf5 Nxf5 15.Nxf5 gxf5
16.Bd3 O-O-O 17.Bxf5 Rhe8 18.Kd1 c5 19.Bg5 Bh6 20.Bxh6 Qxh6 21.Kc2 Kb8 22.Rad1 Nb6
23.Kb1 cxd4 24.cxd4 Nc4 25.Qf2 Rg8 26.Bd3 Qe3 27.Rhf1 Qxf2 28.Rxf2 Rg7 29.Bxc4 dxc4
30.Kc2 Kc7 31.Kc3 b5 32.Kb4 Kc6 33.Rf6+ Kd5 34.Rf5 Ke4 35.Rff1 Rxd4 36.Rfe1+ Kd5
37.Rxd4+ Kxd4 38.Kxb5 Rg2 39.Rb1 Kxe5 40.Kxc4 f5 41.a4 f4 42.Re1+ Kf5 43.b4 f3
44.Re8 Kf4 45.b5 Rc2+ 46.Kb4 Rc7 47.a5 Rf7  0-1

[Event "Petrovskaya Ladya IM"]
[Site "Peterhof RUS"]
[Date "2008.01.06"]
[Round "5"]
[White "Kosov,Iv"]
[Black "Skurygin,A"]
[Result "1/2-1/2"]
[WhiteElo "2365"]
[BlackElo "2283"]

1.e4 g6 2.d4 Bg7 3.Nc3 c6 4.h3 d6 5.Nf3 Nf6 6.Bd3 O-O 7.O-O b5 8.a3 Nfd7
9.Bg5 f6 10.Be3 a6 11.a4 Bb7 12.Qd2 e6 13.d5 b4 14.Ne2 cxd5 15.Qxb4 Qc8 16.Qxd6 Re8
17.exd5 e5 18.Qb4 e4 19.Bxe4 a5 20.Qd2 Rxe4 21.Nc3 Re8 22.Nb5 Bf8  1/2-1/2

[Event "Paul Keres Mem GMA"]
[Site "Tallinn EST"]
[Date "2008.01.09"]
[Round "5"]
[White "Kanep,M"]
[Black "Onischuk,V"]
[Result "1/2-1/2"]
[WhiteElo "2523"]
[BlackElo "2474"]

1.e4 g6 2.d4 Bg7 3.Nc3 c6 4.f4 d5 5.e5 h5 6.Nf3 Nh6 7.Be3 Bg4 8.h3 Bxf3 9.Qxf3 h4
10.Bd3 e6 11.O-O Nd7 12.Ne2 Nf5 13.Bf2 Bf8 14.b3 Ba3 15.c4 Kf8 16.Rab1 Be7
17.Kh2 Nh6 18.c5 a5 19.a3 b5 20.Ng1 Kg7 21.Qe2 Nf5 22.Nf3 Nf8 23.Qd2 Nh6  1/2-1/2

[Event "ASEAN Masters Circuit GMB"]
[Site "Tarakan INA"]
[Date "2008.01.09"]
[Round "2"]
[White "Nolte,R"]
[Black "Mok Tze Meng"]
[Result "1-0"]
[WhiteElo "2412"]
[BlackElo "2346"]

1.e4 g6 2.d4 Bg7 3.Nc3 c6 4.Nf3 d5 5.h3 Nh6 6.Bf4 f6 7.exd5 cxd5 8.Nb5 Na6
9.c4 O-O 10.cxd5 Qxd5 11.Nc3 Qf5 12.Bh2 Rd8 13.Bc4+ Kh8 14.O-O e5 15.Re1 Nb4
16.Ne4 b5 17.Bxb5 Bb7 18.a3 Bxe4 19.Nh4 Qc8 20.Rxe4 Qc2 21.Re2 Rxd4 22.Qxd4 exd4
23.Rxc2 Nxc2 24.Rd1 d3 25.Bxd3 Nd4 26.Bxg6 hxg6 27.Rxd4 Rc8 28.g4 Rc2 29.Nxg6+ Kh7
30.Nf4 Rxb2 31.Rd7  1-0

[Event "6th Parsvnath Open"]
[Site "New Delhi IND"]
[Date "2008.01.13"]
[Round "2"]
[White "Debayan,M"]
[Black "Rahman,Zia"]
[Result "0-1"]
[WhiteElo "2140"]
[BlackElo "2492"]

1.e4 g6 2.d4 Bg7 3.Nc3 c6 4.f3 d5 5.Nge2 dxe4 6.Nxe4 Nh6 7.c3 Nf5 8.Bf4 Na6
9.N2g3 Nc7 10.Bc4 Nd5 11.Bxd5 Qxd5 12.Qb3 O-O 13.Qxd5 cxd5 14.Nc5 b6 15.Nd3 Ba6
16.Nxf5 gxf5 17.Kd2 Rfe8 18.Rhe1 Rac8 19.a4 Bxd3 20.Kxd3 a6 21.Re2 e6 22.Rae1 Rc4
23.b3 Rc6 24.g4 fxg4 25.fxg4 Rec8 26.Bd2 Rb8 27.Bf4 Rb7 28.Ra1 h6 29.h4 Kh7
30.g5 hxg5 31.hxg5 Kg6 32.Rh2 Rc8 33.Rh3 a5 34.Rh2 b5 35.axb5 Rxb5 36.Rha2 Rxb3
37.Bd2 Rc4 38.Ke2 Rc8 39.Rxa5 Rh8 40.Rf1 Rh2+ 41.Rf2 Rxf2+ 42.Kxf2 Rb2 43.Ke1 Bf8
44.Ra8 Bd6 45.Ra7 Bb8 46.Rd7 Bg3+ 47.Kd1 Bh4 48.Ra7 Rb1+ 49.Ke2 Rg1 50.Be3 Rg2+
51.Kf1 Rg3 52.Ke2 Bxg5 53.Bxg5 Rxg5 54.Ra1 Rg2+ 55.Ke3 Rg3+ 56.Kd2 Rf3 57.Rg1+ Kf5
58.Re1 Kf4 59.Re2 Kg3 60.Re5 Kg4 61.Re2 Rf1 62.Re5 Ra1 63.Kd3 Ra6 64.Re1 f5
65.Rg1+ Kf3 66.Rg6 f4 67.Rf6 Rb6 68.Kd2 Ke4 69.Ke2 Rc6 70.Kd2 Ra6 71.Ke2 Ra2+
72.Ke1 Kd3 73.Rxe6 Kxc3 74.Rf6 Kxd4 75.Rxf4+ Ke3  0-1

[Event "Open A"]
[Site "Prague CZE"]
[Date "2008.01.14"]
[Round "4"]
[White "Steinhauser,D"]
[Black "Babar,M"]
[Result "1/2-1/2"]
[WhiteElo "1905"]
[BlackElo "2145"]

1.e4 c6 2.d4 g6 3.Nc3 Bg7 4.Be3 d6 5.f3 Nd7 6.Qd2 Qc7 7.O-O-O b5 8.d5 b4
9.Nce2 c5 10.f4 Ba6 11.Ng3 Qa5 12.Kb1 Nb6 13.Bxa6 Qxa6 14.e5 Nh6 15.f5 Nxf5
16.Nxf5 gxf5 17.exd6 exd6 18.Bh6 Bxb2 19.Qe1+ Kd7 20.Kxb2 Qa3+ 21.Ka1 Rae8  1/2-1/2

[Event "ASEAN Masters Circuit GMB"]
[Site "Tarakan INA"]
[Date "2008.01.18"]
[Round "10"]
[White "Paragua,M"]
[Black "Mok Tze Meng"]
[Result "1-0"]
[WhiteElo "2521"]
[BlackElo "2346"]

1.e4 g6 2.d4 Bg7 3.Nc3 c6 4.Nf3 d5 5.h3 Nf6 6.e5 Ne4 7.Nxe4 dxe4 8.Ng5 c5
9.e6 Bxe6 10.Nxe6 fxe6 11.dxc5 Qxd1+ 12.Kxd1 Nd7 13.c3 Nxc5 14.Be3 Rc8 15.Kc2 Kf7
16.Rd1 a6 17.g4 b5 18.Be2 b4 19.cxb4 Nd3+ 20.Kb3 Nxb2 21.Rd4 Nd3 22.Bxd3 Bxd4
23.Bxd4 Rhd8 24.Bxa6 Ra8 25.Bb6 Rd6 26.Bb7 Rb8 27.Bxe4 Rbxb6 28.Rc1 Kf6 29.a4 Kg5
30.a5 Rb8 31.Bc6 Kh4 32.a6 Kxh3 33.a7 Rf8 34.b5  1-0

[Event "6th Parsvnath Open"]
[Site "New Delhi IND"]
[Date "2008.01.19"]
[Round "9"]
[White "Shiven,K"]
[Black "Sahu,Se"]
[Result "1/2-1/2"]
[WhiteElo "2076"]
[BlackElo "2246"]

1.e4 g6 2.d4 Bg7 3.Nc3 c6 4.Nf3 d5 5.h3 Nh6 6.Bd3 f6 7.O-O Nf7 8.Re1 O-O
9.Be3 e5 10.dxe5 fxe5 11.Bc5 Re8 12.exd5 Qa5 13.Be3 cxd5 14.Bb5 Rd8 15.Ng5 h6
16.Nxf7 Kxf7 17.Qf3+ Bf5 18.g4 e4 19.Qf4 Bxc3 20.bxc3 Qxb5 21.gxf5 g5 22.Qg4 Rd6
23.Qh5+ Ke7 24.Bd4 Nd7 25.Rab1 Qc6 26.f6+ Nxf6 27.Qxh6 b6 28.Qg7+ Kd8 29.Rbd1 Nd7
30.c4 Kc8 31.cxd5 Qxd5 32.Bc3 Qxd1 33.Rxd1 Rxd1+ 34.Kh2 Kb7 35.Qxg5 Rf8 36.Qe3 Kc8
37.Bb4 Rf3 38.Qxe4 Rxf2+ 39.Kg3 Rff1 40.Qc6+ Kd8 41.Qa8+ Kc7 42.Qxa7+ Kc6
43.Qa8+ Kc7 44.a3 Rf6 45.Qe4 Rg1+ 46.Kh2 Rgg6 47.Be1 Re6 48.Bg3+ Kd8 49.Qf3 Ke8
50.h4 Nf6 51.Qa8+ Kf7 52.Qb7+ Re7 53.Qf3 Re3 54.Qb7+ Kg8 55.Qc8+ Kh7 56.Bf4 Ng4+
57.Kg2 Ne5+ 58.Kf2 Rf3+ 59.Ke2 Rg2+ 60.Ke1 Rg1+ 61.Kd2 Rg2+ 62.Ke1 Rg1+ 63.Kd2  1/2-1/2

[Event "IMB2"]
[Site "Marianske Lazne CZE"]
[Date "2008.01.20"]
[Round "2"]
[White "Nilsson,S"]
[Black "Zemerov,V"]
[Result "0-1"]
[WhiteElo "2201"]
[BlackElo "2341"]

1.e4 g6 2.d4 Bg7 3.Nc3 c6 4.f4 d5 5.e5 Nh6 6.Nf3 Bg4 7.Be2 f6 8.O-O O-O 9.Ne1 Bxe2
10.Nxe2 fxe5 11.fxe5 Rxf1+ 12.Kxf1 e6 13.Nd3 Nd7 14.Bf4 g5 15.Bg3 Qe7 16.Kg1 c5
17.c3 Nf5 18.Bf2 Rf8 19.Qd2 c4 20.Nb4 g4 21.Ng3 Nxg3 22.hxg3 Qf7 23.Be3 Qg6
24.Qc2 Qf7 25.Qe2 h5 26.Rf1 Qxf1+ 27.Qxf1 Rxf1+ 28.Kxf1 Nb6 29.b3 a5 30.Nc2 cxb3
31.axb3 a4 32.bxa4 Nxa4 33.Bd2 Bf8 34.Ke2 Kf7 35.Ne1 Nb2 36.Nd3 Nxd3 37.Kxd3 b5
38.Kc2 Kg6 39.Kb3 Kf5 40.Bc1 Ke4 41.Ba3 Bh6 42.Bc5 Bd2 43.Kb4 Be1 44.Kxb5 Bxg3
45.Be7 h4 46.Bxh4 Bxh4 47.Kc6 Be1  0-1

[Event "ch-AZE"]
[Site "Baku AZE"]
[Date "2008.01.22"]
[Round "3"]
[White "Mamedov,Nid"]
[Black "Abbasov,F"]
[Result "1/2-1/2"]
[WhiteElo "2574"]
[BlackElo "2519"]

1.e4 g6 2.d4 Bg7 3.Nc3 c6 4.f4 d6 5.Nf3 Nd7 6.Be3 Qb6 7.Rb1 f5 8.exf5 gxf5
9.Bd3 Ndf6 10.h3 Nh6 11.O-O O-O 12.Qd2 Qc7 13.Ne2 Kh8 14.c4 Bd7 15.Nc3 d5
16.Qe1 Nf7 17.Ne5 Nd6 18.c5 Nde4 19.Qh4 Be8 20.g4 e6 21.Bxe4 dxe4 22.Kh2 Qd8
23.Qg3 Nd5 24.Nxd5 exd5 25.Rg1 Qe7 26.Rg2 Rd8 27.gxf5 Bh5 28.Rbg1 Bf6 29.Qe1 Bf3
30.Rg3 Bh5 31.Qa5 a6 32.Qd2 Rg8 33.Rg5 Rxg5 34.Rxg5 Bf7 35.Rg2 Rf8 36.Qe2 Be8
37.Qg4 Bf7 38.Qd1 Be8 39.Qg1 Bd7 40.Qd1 Bxf5 41.Qh5 Qe6 42.Rg6 Qc8 43.Rg2  1/2-1/2

[Event "Winter Open"]
[Site "Belgrade SRB"]
[Date "2008.01.22"]
[Round "1"]
[White "Nikolic,Ma"]
[Black "Chelushkina,I"]
[Result "0-1"]
[WhiteElo "2050"]
[BlackElo "2357"]

1.e4 g6 2.d4 Bg7 3.Nc3 c6 4.Bc4 b5 5.Bb3 b4 6.Nce2 Nf6 7.Ng3 a5 8.a3 bxa3
9.Rxa3 O-O 10.e5 Nd5 11.f4 d6 12.Nf3 Ba6 13.h4 dxe5 14.fxe5 Qc8 15.Ng5 f6
16.exf6 exf6 17.N5e4 Re8 18.Kf2 Qc7 19.c3 Nd7 20.h5 f5 21.hxg6 hxg6 22.Ng5 Nf6
23.Qf3 Ng4+  0-1

[Event "Open"]
[Site "Marianske Lazne CZE"]
[Date "2008.01.24"]
[Round "7"]
[White "Neumann,Ha"]
[Black "Dergatchov,A"]
[Result "1-0"]
[WhiteElo "2092"]
[BlackElo "2064"]

1.e4 g6 2.d4 Bg7 3.Nc3 c6 4.Bc4 d6 5.Nf3 Nf6 6.Bb3 O-O 7.O-O d5 8.e5 Ne8
9.h3 Nc7 10.Ne2 f6 11.Nf4 Nd7 12.Nd3 f5 13.a4 Qe8 14.a5 h6 15.h4 e6 16.Bd2 Na6
17.Nf4 Kh7 18.Re1 Rg8 19.c4 Bf8 20.cxd5 exd5 21.Bc2 Be7 22.h5 Nf8 23.e6 gxh5
24.Bxf5+ Kh8 25.Ne5 Rg5 26.Nf7+ Kg8 27.Nxg5 Bxg5 28.Ra3 h4 29.Qg4 Qe7 30.Nh3 Nc7
31.Nxg5 hxg5 32.Bxg5 Qg7 33.Rae3 Ne8 34.Qxh4 Qh8 35.Rg3 Qxh4 36.Bxh4+ Kh8
37.Ree3 b6 38.Rg4 Nh7 39.Rh3 Rb8 40.Be7  1-0